Statistiques concernant Noël par lettre - V

Cliquez ici pour prendre le quiz!

Statistiques générales

  • Ce quiz a été pris 166 fois
    (154 depuis la dernière actualisation)
  • Le résultat moyen est 7 sur 10

Statistiques - réponses

IndiceRéponse% Correct
Couleur traditionnellement associée à Noël avant que
le rouge ne vienne la supplanter
Vert
100%
Celui servi sur les marchés de Noël est généralement
chaud et agrémenté de diverses épices
Vin
99%
Chant de Noël, version francisée de Jingle BellsVive le vent
97%
Nombre de cases sur un calendrier de l'AventVingt-quatre
96%
Les élèves les attendent avec impatience; celles dites "de
Noël" s'étendent de fin décembre à début janvier
Vacances
91%
Prénom de Krum, compagnon d'Hermione au bal de Noël
dans Harry Potter et la Coupe de Feu
Viktor
66%
Danse des flocons de neige dans Casse-Noisettes, de
Noël chez ⬆️ou encore à mille temps chez Brel
Valse
65%
Y est célébrée la messe de minuit le plus importanteVatican
64%
Ecrivain et chanteur notamment célèbre pour Le Déserteur
ayant aussi chanté plusieurs chansons noëlesques
Boris Vian
48%
Equivalent païen de la crèche, représentant des scènes
de fête sur des décors ruraux ou urbains miniatures
{Village} de Noël
19%

Distribution des résultats

Percentile par nombre de réponses

% des personnes avec chaque résultat

Votre développement - résultats

Vous n’avez pas pris ce quiz depuis la dernière actualisation